000 01005nam a2200265 a 4500
001 45011
003 BD-RjUL
005 20211209053941.0
008 160721s1964 B ||||| |||| 00| 0 ben d
020 _c: TK 2.25
035 _a(BD-RjUL)45129
040 _aBD-RjUL
_bben
_cBD-RjUL
041 _aben
082 _223
_a297
_bGAA 1964
100 1 _aগাজ্জালী, হুজ্জাতুল ইসলাম ইমাম গাজ্জালী (রাঃ)
_9137927
245 1 0 _aআল-মুরশিদুল আমিন /
_cমুহিউদ্দীন খান, (অনুবাদক)
250 _a১ম সং.
260 _aঢাকা :
_bমদীনা পাবলিকেশন্স,
_c১৯৬৪
300 _a খণ্ড. ;
_c১৯ সেমি.
505 0 _aখণ্ড.-১--
650 _aইসলাম
_9137928
650 _aIslam
_9137929
700 _aখান, মুহিউদ্দীন (অনুবাদক)
_9137930
942 _2ddc
_cBK
999 _c45011
_d45011